| 000 | 00442nam a22001577a 4500 | ||
|---|---|---|---|
| 003 | OSt | ||
| 005 | 20150927164037.0 | ||
| 008 | 150927b xxu||||| |||| 00| 0 eng d | ||
| 040 | _cRUA | ||
| 082 | _aAGR SAV 2011 B050 Or.1 | ||
| 100 |
_91458 _aSAVOEURN, CHENNA |
||
| 245 | _aAgro-ecosytem analysis at osaray commune, tramkork district, takeo province | ||
| 260 |
_aPhnom Penh _bRUA _c2011 |
||
| 300 |
_aix, 44p. _bill. _c29cm. |
||
| 942 |
_2ddc _cAGR |
||
| 999 |
_c1368 _d1368 |
||